[Event "Challenge"]
[Site "http://www.queenalice.com/game.php?id=143759"]
[Date "2006.12.19"]
[Round "-"]
[White "gianfelippe"]
[Black "Soan"]
[Result "0-1"]
[WhiteElo "1283"]
[BlackElo "1310"]

1. e4 e5 2. Nc3 Nf6 3. Nf3 d5 4. exd5 Nxd5 5. Nxe5 Qf6 6. Nf3 Qe6+ 7. Be2 Bc5 8.
d4 Bb4 9. O-O Bxc3 10. bxc3 O-O 11. Qd3 g6 12. Ng5 Qc6 13. Bh5 Bf5 14. Qf3 Nf6
15. Qxc6 bxc6 16. Ba3 Re8 17. Bf3 h6 18. Nh3 Be4 19. Bxe4 Nxe4 20. Rfe1 Nd7 21.
c4 Rab8 22. d5 cxd5 23. cxd5 Ndf6 24. Red1 Nc3 25. Rd3 Rb1+ 26. Rxb1 Nxb1 27. g3
g5 28. Bb2 g4 29. Nf4 Re1+ 30. Kg2 Nd7 31. Nh5 f6 32. Nxf6+ Nxf6 33. Bxf6 Kf7
34. Bd8 Re2 35. Bxc7 Nd2 36. d6 Nf3 37. Kf1 Re1+ 38. Kg2 Rg1# 0-1

[Event "Challenge"]
[Site "http://www.queenalice.com/game.php?id=146665"]
[Date "2006.12.26"]
[Round "-"]
[White "kirkooo"]
[Black "Soan"]
[Result "0-1"]
[WhiteElo "1274"]
[BlackElo "1327"]

1. e4 e5 2. Nf3 Nc6 3. d4 Nf6 4. dxe5 Nxe4 5. Bd3 d5 6. Qe2 Bc5 7. Bxe4 Nd4 8.
Nxd4 Bxd4 9. Bf3 Bf5 10. Nc3 O-O 11. Nxd5 c6 12. Nc3 Re8 13. O-O Rxe5 14. Be3
Qb6 0-1

[Event "Challenge"]
[Site "http://www.queenalice.com/game.php?id=148724"]
[Date "2007.1.1"]
[Round "-"]
[White "danco69"]
[Black "Soan"]
[Result "1-0"]
[WhiteElo "1432"]
[BlackElo "1340"]

1. e4 Nc6 2. d4 f5 3. exf5 Nf6 4. Bd3 d5 5. Bb5 Bxf5 6. Nf3 a6 7. Bxc6+ bxc6 8.
O-O Qd6 9. Re1 Ng4 10. h3 Nh6 11. Bxh6 gxh6 12. b3 Be4 13. c4 Rg8 14. Nc3 Qg6
15. g4 e5 16. Nxe5 Qf6 17. Nxe4 dxe4 18. Rxe4 O-O-O 19. g5 Qxg5+ 20. Rg4 Qf6 21.
Rxg8 Kb7 22. Qf3 Qe7 23. Nxc6 Qd7 24. Nxd8+ Kb6 25. Rxf8 Qxd4 26. Rd1 1-0

[Event "Challenge"]
[Site "http://www.queenalice.com/game.php?id=149025"]
[Date "2007.1.2"]
[Round "-"]
[White "Soan"]
[Black "rockrodrigues"]
[Result "0-1"]
[WhiteElo "1308"]
[BlackElo "1620"]

1. f4 e6 2. e4 c5 3. g3 a6 4. Nc3 b5 5. a3 Nc6 6. e5 d6 7. Nf3 dxe5 8. d3 exf4
9. gxf4 Nh6 10. Ne5 Qh4+ 11. Ke2 Nd4+ 12. Ke3 Nhf5+ 13. Kd2 Qxf4+ 14. Ke1 Qxe5+
15. Ne4 Bb7 16. Bg2 Bxe4 17. dxe4 Nh4 18. Qd2 Ndf3+ 19. Bxf3 Nxf3+ 0-1

[Event "Challenge"]
[Site "http://www.queenalice.com/game.php?id=149026"]
[Date "2007.1.2"]
[Round "-"]
[White "Soan"]
[Black "rockrodrigues"]
[Result "0-1"]
[WhiteElo "1310"]
[BlackElo "1616"]

1. e4 c5 2. d4 cxd4 3. c3 dxc3 4. Nxc3 e5 5. g3 Bb4 6. Bd2 Bxc3 7. bxc3 Nc6 8.
Nf3 h6 9. Qb3 Nf6 10. Bc4 O-O 11. O-O Na5 12. Qb4 Nxc4 13. Qxc4 b6 14. Nxe5 a5
15. Qd3 b5 16. Qxb5 Ba6 17. Qc5 Bxf1 18. Kxf1 d6 19. Qc6 dxe5 20. Rb1 Qxd2 21.
f4 Qd3+ 0-1

[Event "Challenge"]
[Site "http://www.queenalice.com/game.php?id=149533"]
[Date "2007.1.3"]
[Round "-"]
[White "Soan"]
[Black "Admilton"]
[Result "0-1"]
[WhiteElo "1323"]
[BlackElo "1401"]

1. e4 e5 2. g3 d6 3. f4 Qf6 4. Nf3 Bg4 5. Nc3 exf4 6. gxf4 Qxf4 7. Bg2 Nf6 8.
Nd5 Qxe4+ 9. Ne3 h5 10. Ng5 Qf4 11. Bf3 Qxg5 12. h3 Bxf3 13. Qxf3 c6 14. h4 Qe5
15. d3 Ng4 16. O-O Qh2# 0-1

[Event "Challenge"]
[Site "http://www.queenalice.com/game.php?id=149595"]
[Date "2007.1.3"]
[Round "-"]
[White "Soan"]
[Black "technicaldraw"]
[Result "0-1"]
[WhiteElo "1325"]
[BlackElo "1834"]

1. e4 c6 2. f4 d5 3. Nf3 dxe4 4. Ne5 Nd7 5. d3 Nxe5 6. fxe5 Qa5+ 7. Bd2 Qxe5 8.
Bc3 Qd6 9. Nd2 Bf5 10. dxe4 Bg6 11. Qf3 Qc7 12. O-O-O e6 13. Nc4 Nf6 14. e5 Nd5
15. Nd6+ Bxd6 16. exd6 Qxd6 17. Bd3 Nxc3 18. bxc3 Qa3+ 19. Kd2 Bxd3 20. Qxd3 Rd8
21. Qxd8+ Kxd8 22. Ke2+ Ke7 23. Rd3 Rd8 24. c4 Rxd3 25. cxd3 Qxa2+ 26. Kf3 Qb2
27. Re1 a5 28. Re2 Qc3 29. Re3 a4 30. d4 Qxc4 0-1

[Event "Challenge"]
[Site "http://www.queenalice.com/game.php?id=151442"]
[Date "2007.1.8"]
[Round "-"]
[White "Cirilo"]
[Black "Soan"]
[Result "1-0"]
[WhiteElo "1577"]
[BlackElo "1341"]

1. e4 e5 2. Nf3 c6 3. Nxe5 Qe7 4. d4 f6 5. Nf3 Nh6 6. Bxh6 gxh6 7. Bd3 d5 8. O-O
Bg4 9. exd5 cxd5 10. Re1 Nc6 11. Rxe7+ Bxe7 12. Nc3 O-O-O 13. Be2 f5 14. Ne5
Bxe2 15. Qxe2 Nxe5 16. Qxe5 Rhe8 17. Nxd5 Bg5 18. Qc7# 1-0

[Event "Challenge"]
[Site "http://www.queenalice.com/game.php?id=152329"]
[Date "2007.1.10"]
[Round "-"]
[White "Sean_Doherty"]
[Black "Soan"]
[Result "1-0"]
[WhiteElo "1874"]
[BlackElo "1338"]

1. e4 e5 2. Nf3 b6 3. d4 c5 4. Nxe5 Qe7 5. Nc3 cxd4 6. Qxd4 d6 7. Bb5+ Bd7 8.
Nxd7 Nxd7 9. Nd5 Qe5 10. Qxe5+ dxe5 11. Nc7+ Kd8 12. Nxa8 Ngf6 13. Bg5 a6 14.
Bxa6 Nc5 15. O-O-O+ Nd7 16. Nxb6 Be7 17. Bxf6 Bxf6 18. Rxd7+ Ke8 19. Bb5 Kf8 20.
Ra7 Bd8 21. Nd7+ Ke7 22. Nxe5+ Ke6 23. Nc6 Bb6 24. Re7+ Kd6 25. Rd1+ Kc5 26.
Rd5# 1-0

[Event "Challenge"]
[Site "http://www.queenalice.com/game.php?id=152330"]
[Date "2007.1.10"]
[Round "-"]
[White "Soan"]
[Black "Sean_Doherty"]
[Result "0-1"]
[WhiteElo "1336"]
[BlackElo "1876"]

1. e4 e6 2. d3 d5 3. exd5 exd5 4. Be2 Bb4+ 5. Bd2 Bxd2+ 6. Qxd2 Nf6 7. Nc3 O-O
8. O-O-O a5 9. d4 a4 10. h4 a3 11. bxa3 Rxa3 12. Nb5 Rxa2 13. g4 Qe7 14. Qc3 c6
15. Na3 Rxa3 16. Qb2 Bxg4 17. Bxg4 Nxg4 18. Rd3 Rxd3 19. cxd3 Qe1+ 20. Kc2 Nxf2
21. Ne2 Nxh1 22. Kb3 Qxh4 23. Ka3 b5 24. Qc1 Qe7+ 25. Kb3 Qxe2 26. Qxh1 Qxd3+
27. Kb2 Qxd4+ 0-1

[Event "Challenge"]
[Site "http://www.queenalice.com/game.php?id=152870"]
[Date "2007.1.11"]
[Round "-"]
[White "Soan"]
[Black "Ralf1234567"]
[Result "0-1"]
[WhiteElo "1407"]
[BlackElo "1339"]

1. e4 Nc6 2. Bc4 Nf6 3. d4 Nxe4 4. Nh3 d5 5. f3 dxc4 6. fxe4 Bxh3 7. gxh3 Qxd4
8. Bd2 Qxe4+ 9. Qe2 Qxh1+ 10. Qf1 Qxh2 11. Nc3 Qg3+ 12. Qf2 Qxh3 13. O-O-O f6
14. Nd5 O-O-O 15. Be3 Kb8 16. Qf4 Rd7 17. Qxc4 Rxd5 18. Qxd5 Qxe3+ 19. Kb1 Qh3
20. Qd8+ Nxd8 0-1

[Event "Challenge"]
[Site "http://www.queenalice.com/game.php?id=155528"]
[Date "2007.1.18"]
[Round "-"]
[White "kennedyrs"]
[Black "Soan"]
[Result "1-0"]
[WhiteElo "1420"]
[BlackElo "1325"]

1. Nf3 e5 2. Nxe5 Qe7 3. d4 d6 4. Nc4 Be6 5. d5 Bf5 6. Na5 Nc6 7. dxc6 b6 8. Nb3
d5 9. Nd4 Nf6 10. Nxf5 Qe5 11. Nd4 Ng4 12. Nf3 Qf5 13. h3 Nf6 14. Nd4 Qe4 15. e3
g5 16. Bd2 g4 17. Nc3 Qe5 18. hxg4 Nxg4 19. Qxg4 h5 20. Qd7# 1-0

[Event "Challenge"]
[Site "http://www.queenalice.com/game.php?id=155865"]
[Date "2007.1.19"]
[Round "-"]
[White "AuntieRenie"]
[Black "Soan"]
[Result "0-1"]
[WhiteElo "1242"]
[BlackElo "1325"]

1. c4 e6 2. d4 Nf6 3. Nc3 c6 4. e4 d5 5. cxd5 cxd5 6. e5 Ne4 7. Nxe4 dxe4 8. Qc2
Qxd4 9. Bf4 Bc5 10. Bg3 e3 11. Rd1 exf2+ 12. Qxf2 Qe4+ 13. Qe2 Qf5 14. Qb5+ Bd7
15. Qxb7 Bc6 16. Qc8+ Ke7 17. Qxh8 Nd7 18. Qxg7 Nxe5 19. Bxe5 Qf2# 0-1

[Event "Challenge"]
[Site "http://www.queenalice.com/game.php?id=155948"]
[Date "2007.1.19"]
[Round "-"]
[White "viki"]
[Black "Soan"]
[Result "1-0"]
[WhiteElo "1237"]
[BlackElo "1358"]

1. e4 e6 2. d4 Nc6 3. Nf3 Nf6 4. Nc3 d6 5. d5 exd5 6. exd5 Nb4 7. a3 Na6 8. Bb5+
c6 9. dxc6 bxc6 10. Bxc6+ Bd7 11. Bxa8 Qxa8 12. Qe2+ Be6 13. O-O Be7 14. Qxa6
O-O 15. Be3 Bc8 16. Qxa7 Qb7 17. Qxb7 Bxb7 18. Nd4 Ng4 19. Rfe1 Rc8 20. h3 Nxe3
21. Rxe3 Bg5 22. Re2 1-0

[Event "Challenge"]
[Site "http://www.queenalice.com/game.php?id=163283"]
[Date "2007.2.3"]
[Round "-"]
[White "Soan"]
[Black "Henry"]
[Result "0-1"]
[WhiteElo "1402"]
[BlackElo "1410"]

1. Nf3 Nc6 2. e4 e5 3. Bc4 Bc5 4. Bb5 a6 5. Ba4 d6 6. Ng5 Be6 7. Qf3 Qxg5 8. Nc3
Nf6 9. d4 Qg4 10. dxc5 Qxf3 11. gxf3 dxc5 12. Be3 b5 13. O-O-O bxa4 14. Nxa4 c4
15. f4 Nxe4 16. fxe5 Nxe5 17. Rd4 Nd6 18. Bf4 Nf3 19. Rdd1 O-O 20. Nc5 Rab8 21.
b3 Rb5 22. Nxa6 Rc8 23. bxc4 Bxc4 24. a4 Rb6 25. Nc5 Ba2 26. Nb3 Bxb3 27. cxb3
Rxb3 28. Rd5 Rb4 29. Bg3 Rxa4 30. Rhd1 Ra1+ 31. Kb2 Rxd1 32. Rxd1 f6 33. Rd3 Ne5
34. Bf4 Nxd3+ 0-1

[Event "Challenge"]
[Site "http://www.queenalice.com/game.php?id=163975"]
[Date "2007.2.5"]
[Round "-"]
[White "Soan"]
[Black "Delferrer"]
[Result "0-1"]
[WhiteElo "1403"]
[BlackElo "1513"]

1. e4 e5 2. Nf3 d6 3. Bc4 Bg4 4. h3 Bxf3 5. Qxf3 Nf6 6. Nc3 c6 7. O-O Nbd7 8. b3
b5 9. Ba3 bxc4 10. bxc4 Be7 11. g4 g5 12. Qf5 h6 13. Rab1 Nb6 14. c5 Nc4 15.
cxd6 Bxd6 16. Rb7 Nxa3 17. Ne2 Nxc2 18. Qf3 O-O 19. Qc3 Nd4 20. Ng3 a5 21. Nf5
Ne2+ 0-1

[Event "Challenge"]
[Site "http://www.queenalice.com/game.php?id=164424"]
[Date "2007.2.6"]
[Round "-"]
[White "Soan"]
[Black "SmartPatzer"]
[Result "0-1"]
[WhiteElo "1411"]
[BlackElo "1584"]

1. Nf3 e6 2. g3 d5 3. Bh3 Nf6 4. O-O Bd6 5. d4 c5 6. c3 Nc6 7. b4 cxb4 8. cxb4
Bxb4 9. a3 Be7 10. g4 Qc7 11. g5 Nd7 12. Nc3 Nb6 13. e4 dxe4 14. Nxe4 Bd7 15. d5
Nxd5 16. Bb2 f6 17. gxf6 gxf6 18. Rc1 Rg8+ 19. Kh1 Nf4 20. Bxf6 Nxh3 21. Ne5
Bxf6 22. Nxf6+ Ke7 23. Nxg8+ Rxg8 24. Qh5 Rg7 25. f4 Nxf4 26. Qh4+ Ke8 27. Qxf4
Qd6 28. Rcd1 Qxa3 29. Nc4 Qe7 30. h4 e5 31. Qe4 Rg4 32. Qd5 Qxh4# 0-1

[Event "Challenge"]
[Site "http://www.queenalice.com/game.php?id=164880"]
[Date "2007.2.7"]
[Round "-"]
[White "AuntieRenie"]
[Black "Soan"]
[Result "0-1"]
[WhiteElo "1229"]
[BlackElo "1394"]

1. c4 e5 2. Nc3 Nh6 3. h3 Bc5 4. Nf3 d6 5. e3 Be6 6. b3 Nc6 7. a3 f5 8. h4 f4 9.
e4 Ng4 10. Ng5 Bd7 11. f3 Nf2 12. Qc2 Nxh1 13. Nh3 Qxh4+ 14. Kd1 Nd4 15. Qb2
Nf2+ 16. Nxf2 Qxf2 17. Bd3 Qg1+ 0-1

[Event "AUTO-INT-353"]
[Site "http://www.queenalice.com/game.php?id=171327"]
[Date "2007.2.20"]
[Round "1"]
[White "Alcar"]
[Black "Soan"]
[Result "1-0"]
[WhiteElo "1668"]
[BlackElo "1402"]

1. d4 d5 2. c4 dxc4 3. Nc3 Nf6 4. e4 Nc6 5. Bxc4 Nxd4 6. Nf3 Be6 7. Bxe6 fxe6 8.
Nxd4 e5 9. Ne6 Qxd1+ 10. Kxd1 Kf7 11. Ng5+ Kg6 12. Ke2 h6 13. Ne6 Ng4 14. f3 Nf6
15. Be3 Kf7 16. Nxc7 Rd8 17. Rhd1 Rd7 18. N7b5 e6 19. Nxa7 Bb4 20. Nab5 h5 21.
a3 Ba5 22. b4 Bc7 23. Nxc7 Rxc7 24. Nb5 Rc2+ 25. Kf1 Rhc8 26. Nd6+ 1-0

[Event "AUTO-INT-353"]
[Site "http://www.queenalice.com/game.php?id=171328"]
[Date "2007.2.20"]
[Round "1"]
[White "Soan"]
[Black "Alcar"]
[Result "0-1"]
[WhiteElo "1360"]
[BlackElo "1702"]

1. e4 c5 2. c4 e5 3. g3 Nf6 4. Nc3 Nc6 5. a3 Nd4 6. Nf3 d6 7. Nxd4 cxd4 8. Nd5
Nxd5 9. exd5 Be7 10. f4 O-O 11. fxe5 dxe5 12. Bd3 Bg5 13. O-O Bh3 14. Qh5 g6 15.
Qxh3 a6 16. Be4 b5 17. cxb5 axb5 18. d3 Bxc1 19. Raxc1 Rb8 20. d6 Qxd6 21. Rc6
Qe7 22. Bd5 Kg7 23. Rcf6 Rbd8 24. Rxf7+ Rxf7 25. Bxf7 Rf8 26. Qe6 Qb7 27. Rc1
Rxf7 28. Qxe5+ Kh6 29. Qxd4 Qf3 30. a4 bxa4 31. Qxa4 Qe3+ 0-1

[Event "AUTO-INT-353"]
[Site "http://www.queenalice.com/game.php?id=171339"]
[Date "2007.2.20"]
[Round "1"]
[White "reginaldox"]
[Black "Soan"]
[Result "1-0"]
[WhiteElo "1616"]
[BlackElo "1397"]

1. c4 e6 2. e4 d5 3. cxd5 exd5 4. exd5 Qxd5 5. Nc3 Qc5 6. d4 Qe7+ 7. Be2 Nc6 8.
Nf3 Bg4 9. O-O O-O-O 10. Re1 Qf6 11. Bg5 Qf5 12. Bxd8 Nxd8 13. Ne5 Bxe2 14. Qxe2
f6 15. Nc4 Nh6 16. Rad1 Bd6 17. Nxd6+ cxd6 18. Qc4+ Nc6 19. d5 Ng4 20. f3 Ne5
21. Rxe5 Qxe5 22. dxc6 bxc6 23. Qxc6+ Kd8 24. Rxd6+ Ke7 25. Rd7+ Kf8 26. Qc8+
Qe8 27. Rd8 Kf7 28. Rxe8 Rxe8 29. Qc4+ Ke7 30. Nd5+ Kd6 31. Kf2 Re5 32. Ne3 g6
33. Qa6+ Kd7 34. Qxa7+ Ke6 35. Ng4 Rd5 36. Nh6 Rd2+ 37. Kg3 Rxb2 38. Qf7+ Ke5
39. f4+ Ke4 40. Qxf6 Rxa2 41. Qe6+ 1-0

[Event "AUTO-INT-353"]
[Site "http://www.queenalice.com/game.php?id=171340"]
[Date "2007.2.20"]
[Round "1"]
[White "Soan"]
[Black "reginaldox"]
[Result "0-1"]
[WhiteElo "1390"]
[BlackElo "1617"]

1. e4 c5 2. c4 g6 3. Nc3 Bg7 4. Na4 d6 5. d4 Bxd4 6. Ne2 Bg7 7. Nf4 Nc6 8. b4
Nxb4 9. Rb1 e5 10. Nd5 Nf6 11. Nxb4 cxb4 12. c5 O-O 13. cxd6 Bd7 14. Nc5 b6 15.
Nd3 a5 16. Nxe5 Nxe4 17. Bb2 Nc3 18. Bxc3 bxc3 19. Nc4 b5 20. Ne3 b4 21. Bc4 Re8
22. Qd5 Be6 23. Qc6 Bxc4 24. Qxc4 Rc8 25. Qa6 Ra8 26. Qb7 Qxd6 27. Rd1 Qc5 28.
O-O Bh6 29. Ng4 Bg7 30. Rde1 Reb8 31. Qd7 Rd8 32. Qe7 Qxe7 33. Rxe7 Rac8 34.
Rfe1 c2 35. Ne3 c1=Q 36. Rxc1 Rxc1+ 37. Nf1 Rdd1 38. h3 Rxf1+ 39. Kh2 Bf6 40.
Re8+ Kg7 41. g3 Rh1+ 42. Kg2 Rcg1+ 43. Kf3 Rxh3 44. Ke4 Re1+ 0-1

[Event "AUTO-INT-353"]
[Site "http://www.queenalice.com/game.php?id=171348"]
[Date "2007.2.20"]
[Round "1"]
[White "Dan_"]
[Black "Soan"]
[Result "0-1"]
[WhiteElo "1239"]
[BlackElo "1402"]

1. e4 e5 2. Nf3 c6 3. Bc4 d5 4. exd5 cxd5 5. Bb3 e4 6. Ne5 Be6 7. Ba4+ Nc6 8.
Nxc6 bxc6 9. Bxc6+ Bd7 10. Bxa8 Qxa8 0-1

[Event "Challenge"]
[Site "http://www.queenalice.com/game.php?id=176535"]
[Date "2007.3.3"]
[Round "-"]
[White "AuntieRenie"]
[Black "Soan"]
[Result "1-0"]
[WhiteElo "1212"]
[BlackElo "1383"]

1. c4 e5 2. Nc3 Bc5 3. Nf3 Nf6 4. e3 c6 5. Qc2 d5 6. Nxe5 g6 7. d4 Bd6 8. cxd5
cxd5 9. g3 Ne4 10. Nxd5 Qa5+ 11. Nc3 Ng5 12. Bg2 Bf5 13. Qd2 Nd7 14. Bxb7 Rd8
15. Bc6 O-O 16. O-O Nf6 17. Bg2 Bb4 18. Nc6 Qa6 19. Nxd8 Rxd8 20. Qd1 h5 21. e4
Bg4 22. f3 Bc8 23. Bxg5 Rd6 24. Rf2 Nh7 25. Bh6 g5 26. Bf1 Qb6 27. Nd5 Qa5 28.
Rc2 Bb7 29. Ne7+ Kh8 30. Nf5 Rd7 31. Bg7+ Kg8 32. a3 Bd6 33. Rac1 Nf8 34. d5 h4
35. Rc8 Bxc8 36. Rxc8 hxg3 37. Nxd6 Kxg7 38. Nf5+ Kg8 39. Qd4 Qb6 40. Kg2 Qg6
41. Nxg3 f6 42. Bb5 Rb7 43. Be8 Rxb2+ 44. Qxb2 Qg7 45. Nf5 Qh7 46. Qxf6 g4 47.
Ne7+ Qxe7 48. Qxe7 Nh7 49. Bg6+ Nf8 50. Qf7+ Kh8 51. Rxf8# 1-0